000 00772nam a2200289 a 4500
999 _c4610
_d4610
001 4610
003 BD-JhCC
005 20180116103154.0
008 870917s1966 caua 001 0 eng
035 _a(BD-JhCC)4610
040 _aBD-JhCC
_dBD-JhCC
041 _aben
082 0 0 _a500
_bSMI 1966
100 1 _aSmith, Herbert A.
245 1 0 _aScience 6 /
_cHerbert A. Smith; Milo K. Blecha; Jhon Sternig
250 _a2nd ed.
260 _aCalifornia :
_bLaidlaw Brothers;
_c1966
300 _a288 p.;
_c24 cm
_bill;
490 _aThe Laidlaw Science Series
650 0 _aThe Biological Science
650 0 _aThe Earthspace Science
650 0 _aPhysical Science
700 1 _aBelcha, Milo K.
700 1 _aSternig, Jhon
942 _2ddc
_cBK